Des nouvelles d'elles: Les femmes âgées du Québec

Αποθηκεύτηκε σε:
Λεπτομέρειες βιβλιογραφικής εγγραφής
Μορφή: Βιβλίο
Γλώσσα:Undetermined
Έκδοση: Québec, Canada CSF 1999
Θέματα:
Ετικέτες: Προσθήκη ετικέτας
Δεν υπάρχουν, Καταχωρήστε ετικέτα πρώτοι!
Thư viện lưu trữ: Trung tâm Học liệu Trường Đại học Cần Thơ
LEADER 00448nam a2200157Ia 4500
001 CTU_41904
008 210402s9999 xx 000 0 und d
082 |a 305.42 
082 |b N937 
245 0 |a Des nouvelles d'elles: Les femmes âgées du Québec 
260 |a Québec, Canada 
260 |b CSF 
260 |c 1999 
650 |a women - canada - biographies 
904 |i Minh, 010618 
980 |a Trung tâm Học liệu Trường Đại học Cần Thơ